000 00397nam a2200145 4500
001 118020
003 ES-MaACL
005 20230906191020.0
007 t|
008 070214n19201929sp r ||||1| spa d
245 0 0 _aParaguay-Bolivia
_b: aspectos de la guerra del Chaco.
260 _a[S. l.] :
_b[s. n.],
_c[192_?] (
_fImp. Militar)
300 _a38 p. ;
_c24 cm.
852 _aES-MaACL
_j1806-F-19
999 _c118020
_d118020